书目信息 |
| 题名: |
超级女声内幕
|
|
| 作者: | 三宝 著 | |
| 分册: | ||
| 出版信息: | 北京 新华出版社 2006 |
|
| 页数: | 188页 | |
| 开本: | 23cm | |
| 丛书名: | ||
| 单 册: | ||
| 中图分类: | J692.7 | |
| 科图分类: | ||
| 主题词: | 女性 , 歌唱 , 女性--歌唱--选拔赛--概况--中国 , 选拔赛 | |
| 电子资源: | ||
| ISBN: | 7-5011-7374-5 | |
| 000 | 00751nam0 2200253 450 | |
| 001 | 010040030455 | |
| 005 | 20061029144020.53 | |
| 010 | @a7-5011-7374-5@dCNY25.00 | |
| 100 | @a20060215d2006 em y0chiy0110 ea | |
| 101 | 0 | @achi |
| 102 | @aCN@b110000 | |
| 105 | @aa z 000yy | |
| 200 | 1 | @a超级女声内幕@9chao ji nu^ sheng nei mu@f三宝著 |
| 210 | @a北京@c新华出版社@d2006 | |
| 215 | @a188页@c照片@d23cm | |
| 330 | @a本书内容包括:头条新闻、超女背后的三个超男、粉比大战、挂超女卖酸奶、超女巡演有点乱、不签约不能入围等。 | |
| 606 | 0 | @a女性 |
| 606 | 0 | @a歌唱 |
| 606 | 0 | @a女性@x歌唱@x选拔赛@x概况@y中国 |
| 606 | 0 | @a选拔赛 |
| 690 | @aJ692.7@v4 | |
| 701 | 0 | @a三宝@9san bao@4著 |
| 801 | 0 | @aCN@bRENTIAN@c20061029 |
| 905 | @a10447@dJ692.7@e341 | |
| 超级女声内幕/三宝著.-北京:新华出版社,2006 |
| 188页:照片;23cm |
| ISBN 7-5011-7374-5:CNY25.00 |
| 本书内容包括:头条新闻、超女背后的三个超男、粉比大战、挂超女卖酸奶、超女巡演有点乱、不签约不能入围等。 |
| ● |
| 相关链接 |
|
|
|
|
正题名:超级女声内幕
索取号:J692.7/341
 
预约/预借
| 序号 | 登录号 | 条形码 | 馆藏地/架位号 | 状态 | 备注 |
| 1 | 0389118 | 203891182 | 第一样本阅览室/ [索取号:J692.7/341] | 在馆 | |
| 2 | 0389119 | 203891191 | 第一借阅区/ [索取号:J692.7/341] | 在馆 | |
| 3 | 0389120 | 203891208 | 第一借阅区/ [索取号:J692.7/341] | 在馆 | |
| 4 | 0389121 | 203891217 | 第一借阅区/ [索取号:J692.7/341] | 在馆 | |
| 5 | 0389122 | 203891226 | 第一借阅区/ [索取号:J692.7/341] | 在馆 |